000 00487nam a2200181Ia 4500
001 7788
005 20260306160521.0
008 260306t2020||||xx |||||||||||||| ||spa||
041 _aESP
082 _a362.10985
_bR24
100 _aRamos, Gabriela,
_eAUT
245 0 _aEl cuerpo en palabras :
_bestudios sobre religión, salud y humanidad en los Andes coloniales
260 _c2020
300 _a193 páginas :
_c24 cm.
650 _aGEN
654 _aCPS
942 _cLIB
_dJUS
_fJUS
_2ddc
_n
999 _c7788
_d7788